|
|
|
|
| LEADER |
01152nam a2200289 i 4500 |
| 001 |
10095641 |
| 003 |
GR-PaULI |
| 005 |
20211213120454.0 |
| 008 |
111214s2002 gr g d gre d |
| 952 |
|
|
|0 0
|1 0
|4 0
|6 889_280000000000000_ΦΛΟ
|7 0
|9 106077
|a THST
|b THST
|d 2016-04-24
|i 06830
|l 0
|o 889.28 ΦΛΟ
|p 025000017391
|r 2016-04-24 00:00:00
|t 1
|w 2016-04-24
|y BK15
|
| 999 |
|
|
|c 71314
|d 71314
|
| 020 |
|
|
|a 9608429374
|
| 040 |
|
|
|a GR-PaULI
|c GR-PaULI
|b gre
|e AACR2
|
| 041 |
0 |
|
|a gre
|
| 082 |
0 |
4 |
|a 889.28
|
| 100 |
1 |
|
|a Φλουράκης, Ανδρέας
|d 1969-
|9 102534
|e συγγραφέας
|
| 245 |
1 |
0 |
|a Οι μέρες πριν έρθεις ;
|b Μπλε μαρέν /
|c Ανδρέας Φλουράκης
|
| 246 |
1 |
3 |
|a Μπλε μαρέν
|
| 260 |
|
|
|a Αθήνα :
|b Ανατολικός,
|c 2002.
|
| 300 |
|
|
|a 94 σ. ;
|c 21 εκ.
|
| 490 |
0 |
|
|a Θέατρο / Ανατολικός
|
| 650 |
|
4 |
|a Ελληνικά θεατρικά έργα
|9 323
|
| 740 |
0 |
2 |
|a Μπλε Μαρεν
|
| 760 |
1 |
|
|a Θέατρο
|
| 852 |
|
|
|a GR-PaULI
|b ΠΑΤΡΑ
|b ΘΕΑΤΡΟΛΟΓΙΑ
|k ΑΣΧΕ-3
|h 889.28 ΦΛΟ
|m 06830
|p 025000017391
|t 1
|
| 942 |
|
|
|2 ddc
|c BK15
|
| 998 |
|
|
|c ΜΑΝΙΑ
|d 2011-12
|